000 00343nam a2200145Ia 4500
005 20251222143110.0
008 251222s9999||||xx |||||||||||||| ||spa||
020 _a849651725X
082 _a813.5/R71/2006
100 _aRobards, Karen
245 0 _aEl Ojo del Tigre
250 _a1ra. ed.
264 _bEditorial entre libros
942 _cLIB
999 _c11146
_d11146